| 000 | 00351nam a2200145Ia 4500 | ||
|---|---|---|---|
| 008 | 150301s2011 xx 000 0 und d | ||
| 082 |
_a610.7362 _bE11G |
||
| 100 | _aGUPTA, PIYUSH | ||
| 245 | _aESSENTIALS OF PEDIATRIC NURSING | ||
| 250 | _a3RD | ||
| 260 |
_bC.B.S. DELHI _c2011 |
||
| 300 | _a626 | ||
| 650 | _aPEDIATRIC NURSING | ||
| 942 |
_2ddc _cBK _04 |
||
| 999 |
_c6822 _d6822 |
||